Títulos de las Canciones de One Direction Traducidos al Español - Estadísticas

Estadísticas generales
  • Esta prueba ha sido intentada 831 veces
  • La puntuación promedio es 23 de 28
Estadísticas de respuestas
Español Inglés % Correcto
Mágico Magic
96%
Na Na Na Na Na Na
95%
Besarte Kiss You
93%
Cosas Pequeñas Little Things
93%
Una Cosa One Thing
93%
Tú y Yo You & I
92%
Yo Quiero I Want
91%
Historia de Mi Vida Story of My Life
91%
Amor de Verano Summer Love
91%
Mejor Canción de Todo Tiempo Best Song Ever
89%
Lo Que Te Hace Bella What Makes You Beautiful
89%
Más Que Esto More Than This
88%
Último Primer Beso Last First Kiss
87%
Roquéame Rock Me
87%
Recuerdos de Medianoche Midnight Memories
85%
Ellos No Saben de Nosotros They Don't Know About Us
85%
Felizmente Happily
83%
Yo Deseo I Wish
81%
De Una Manera o de Otra One Way Or Another
80%
Vamos, Vamos C'mon, C'mon
79%
Vivir Mientras Estamos Jóvenes Live While We're Young
75%
Robó Mi Corazón Stole My Heart
75%
Irresistible Irresistible
73%
Ella No Tiene Miedo She's Not Afraid
67%
Despierto por Toda la Noche Up All Night
62%
Tiene Que Ser Tú Gotta Be You
56%
Bolsa de Suciedad Adolescente Teenage Dirtbag
56%
Otra Vez Over Again
55%
No se encontraron pruebas coincidentes
Distribución de puntuación
Porcentaje de gente con cada puntuación
Porcentaje por número respondido
Historial de tus puntuaciones
No has intentado esta prueba.